LDR 00841naa#a2200193#i#450# 001 EN\FGKOU VO SPBU MVD ROSSII\bibl\114726 005 20260701090108.3 011 ## _a2071-8284 100 ## _a20260630b2026####ek#y0engy0150####ca 101 0# _aRUS 102 ## _aRU 200 1# _aPersonal predictors of success in higher education vocational training of Federal Penitentiary Service employees _eJournal article 210 1# _aSt. Petersburg _cSAINT-PETERSBURG UNIVERSITY OF THE MINISTRY OF INTERNAL AFFAIRS OF THE RUSSIAN FEDERATION _d2026 215 ## _a20 с. 608 ## _aJournal article _2local 675 ## _aПсихологические исследования, опыты, эксперименты, тесты, измерения. 159.9.072 _zRUS 700 #1 _aLenkov _gSergey Leonidovych 700 #1 _aRubtsova _gNadezhda Evgenievna 856 4# _avestnikspbmvd.ru _u